Finančná analýza vo vybranom podniku diplomová práca

Saved in:
Bibliographic Details
Main Author: Drabová, Adriana
Corporate Author: Podnikovohospodárska fakulta EU so sídlom v Košiciach. Katedra účtovníctva a financií
Other Authors: Kostková, Albína, 1951-
Format: Book
Language:Slovak
Published: Košice 2010
Tags: Add Tag
No Tags, Be the first to tag this record!

MARC

LEADER 00000nam$a2200000$$$4500
001 0123074
005 20240318122128.3
041 0 |a slo 
044 |a SK 
245 1 0 |a Finančná analýza vo vybranom podniku  |b diplomová práca  |c Adriana Drabová ; škol. Albína Kostková 
264 1 |a Košice  |c 2010 
300 |a 78 s. 
100 1 |a Drabová, Adriana 
700 1 |a Kostková, Albína, 1951- 
710 2 |a Podnikovohospodárska fakulta EU so sídlom v Košiciach. Katedra účtovníctva a financií